00444nam a22001577a 450000500170000001000150001702000260003203500130005803700130007108200060008410000190009024500610010926000390017027000550020930000220026420130624160702.0 aENG-107728 a9788184984644c350.00 aEN-91261 bDBAD/PUB aN aColes, William aMr two-bomb :cby William Colesbbased on a true story / aPunebMehta Publishing Housec2013 a1941, Sadashiv Peth, Madiwale ColonybPunee411030 a284p. c18cm(pbk)